000 00309nam a22001457a 4500
008 210514b ||||| |||| 00| 0 eng d
020 _a1878373072
041 _aeng
080 _a37
082 _a37
100 _a46
101 _aEDU
245 _aTogether with Montessori
_cCam Gordon
942 _2udc
_cBK
999 _c57357
_d57357